000 00901nam a2200265 i 4500
001 000037927
003 DO-SdBNP
005 20240502145904.0
007 ta
008 130308s1999 dr a 000 0 spa d
040 _aDO-SdBNP
_bspa
_cBNPHU
_erda
082 4 _222
100 1 _aDore y Cabral, Carlos,
_eautor
_96975
245 1 0 _aProblemas sociológicos de fin de siglo /
_cCarlos Dore Cabral ; prólogo, Fernándo I. Ferrán.
264 _aSanto Domingo :
_bFLACSO,
_c1999.
300 _a264 páginas ;
_c23 cm.
336 _2rdacontent
_atexto
_btxt
337 _2rdamedia
_asin mediación
_bn
338 _2rdacarrier
_avolumen
_bnc
500 _aIncluye datos biográficos del autor en las solapas
500 _aIncluye referencias bibliográficas y notas al pie de las páginas
590 _aInventariado, 2024/BT
700 1 _aFerrán, Fernándo I.,
_eprólogo
_935398
942 _2ddc
_cLBS1
999 _c37417
_d37417